[Event "Mar de Ajo op 4th"]
[Site "Mar de Ajo"]
[Date "2022.10.28"]
[Round "1"]
[White "Aguilar Enzetti, Silvio Alejandro"]
[Black "Pierrot, Juan Facundo"]
[Result "0-1"]
[WhiteElo "1836"]
[BlackElo "2363"]
[PlyCount "46"]
[EventDate "2022.10.28"]
[EventType "swiss"]
[EventRounds "6"]
[EventCountry "ARG"]
[SourceTitle "EXT 2024"]
[Source "ChessBase"]
[SourceDate "2023.10.10"]
[SourceVersion "1"]
[SourceVersionDate "2023.10.10"]
[SourceQuality "1"]

1. e4 d6 2. d4 Nf6 3. Nc3 g6 4. Bg5 Bg7 5. e5 Nfd7 6. f4 0-0 7. Nf3 f6 8. Bc4+ Kh8 9. Bh4 Nb6 10. Bb3 Nc6 11. a3 Bg4 12. Qd3 Bxf3 13. gxf3 dxe5 14. d5 Nd4 15. Ba2 c6 16. dxc6 Nxc6 17. Nd5 Nxd5 18. Bxd5 Qa5+ 19. Kf1 Rad8 20. c4 e6 21. b4 Qc7 22. b5 Ne7 23. fxe5 exd5 0-1